000 00476nam a2200193 a 4500
001 4840
003 CO-ViMGA
008 141112s2004 ck r 000 u spa d
020 _a8482360507
040 _aCO-ViMGA
_bspa
_cCO-ViMGA
082 0 4 _aR530 F474
245 1 0 _aFísica
260 _aBarcelona :
_bIdea Books,
_c1997
300 _a89 p : il
490 _aAtlas temático
590 _aDatos de inventario : 05290
650 1 4 _aFISICA - ATLAS
_912784
942 _2ddc
_cBK
999 _c16846
_d16846